Normal view
MARC view
Entry Personal Name
001 - CONTROL NUMBER
- control field: 873574
003 - CONTROL NUMBER IDENTIFIER
- control field: OSt
005 - DATE AND TIME OF LATEST TRANSACTION
- control field: 20260114185723.0
008 - FIXED-LENGTH DATA ELEMENTS
- fixed length control field: 260114|| aca||aabn | a|a d
040 ## - CATALOGING SOURCE
- Original cataloging agency: OSt
- Transcribing agency: OSt
100 ## - HEADING--PERSONAL NAME
- Personal name: K. B. McFarlane
670 ## - SOURCE DATA FOUND
- Source citation: Work cat.: (OSt)1472522: K. B. McFarlane, England in the Fifteenth Century Collected Essays, 1981
